| 000 | 00541nam a2200205Ia 4500 | ||
|---|---|---|---|
| 005 | 20140407083955.0 | ||
| 008 | 140130s9999 xx 000 0 und d | ||
| 020 | _a9780531175293 | ||
| 050 |
_aRA 640 _b.D53 2008 |
||
| 100 |
_aDiConsiglio, John _923344 |
||
| 245 |
_cJohn DiConsiglio. _aBlood Suckers! : _bdeadly mosquito bites / |
||
| 260 |
_bScholastic, _c2008. _aUSA : |
||
| 300 |
_a64 p. : _bcol. ill. ; _c24 cm. |
||
| 440 |
_v1 _931174 |
||
| 521 | _aG5 | ||
| 526 | _c770 | ||
| 942 |
_cBK _2lcc |
||
| 999 |
_c41105 _d41105 |
||